000 00526nam a2200181Ia 4500
003 GCL
008 140319s9999 xx 000 0 ara d
040 _aGCL /
_cGCL
082 0 4 _a863.03
_bم ح
100 1 _aصالح علمانى
245 1 0 _aالحب فى زمن الكوليدا: رواية /
_cصالح علمانى
700 1 _aماركيز ، جابرييل جارسيا
300 _a307 ص
490 _a
650 0 4 _aالادب الاسبانى
650 0 4 _aالقصة الاسبانية
942 _2ddc
_cBK
999 _c38836
_d38836